|
|
|
|
| LEADER |
01046nam a2200265 a 4500 |
| 001 |
1560349 |
| 008 |
090705s1952 nyu 000 1 eng d |
| 010 |
|
|
|a 92025324
|
| 020 |
|
|
|a 0749386428
|
| 040 |
|
|
|a DLC
|c DLC
|d DLC
|d OCoLC
|d DLC
|
| 082 |
0 |
0 |
|a 833/.914
|2 20
|
| 100 |
1 |
|
|a Mann, Thomas,
|d 1875-1955.
|
| 240 |
1 |
0 |
|a Zauberberg.
|l English
|
| 245 |
1 |
4 |
|a The magic mountain /
|c Thomas Mann ; translated from German by H.T. Lowe-Porter.
|
| 260 |
|
|
|a New York :
|b The Modern Library, ;
|a London :
|b vintage,
|c 1952.
|
| 300 |
|
|
|a vi, 729 p. ;
|c 22 cm.
|
| 500 |
|
|
|a with a postscript by the author on the making of the novel.
|
| 541 |
1 |
|
|e 00015382
|
| 650 |
|
0 |
|a Sanatoriums
|x Fiction.
|
| 651 |
|
0 |
|a Germany
|x Fiction.
|
| 655 |
|
7 |
|a Bildungsromane.
|2 gsafd
|
| 700 |
2 |
|
|a Lowe-Porter, H. T.
|q (Helen Tracy),
|d 1876-1963.
|
| 852 |
4 |
|
|a Ayesha Abed Library
|j General shelf
|
| 999 |
|
|
|c 2028
|d 2028
|
| 952 |
|
|
|0 0
|1 0
|2 ddc
|4 0
|6 833_914000000000000_MAN_1999
|7 0
|9 1864
|a BRACUL
|b BRACUL
|c GEN
|d 2009-07-05
|l 6
|m 72
|o 833.914 MAN
|p 3010015382
|r 2026-05-20
|s 2026-01-17
|t 1
|w 2009-07-05
|y BK
|